00420nam a2200121Ia 4500008004100000020001800041082001500059100002300074245002800097942004800125999001900173952010600192220630s9999 xx 000 0 und d a9781919705057 a248.4 MEYE aMeyer, Joyce94187 0aHere , Praat ek te gou? cBKw561xJohn Tresiddery234zLeroy Nxumalo c693247d693246 00104070aNAZALbNAZALd2022-06-30g39.00l0p33228020981617r2022-06-30w2022-06-30yBKz940079079